[Event "Mechanics' Fall TNM; G/2 d5"]
[Site "San Francisco"]
[Date "2017.12.12"]
[Round "8.5"]
[White "Winslow, Elliott C"]
[Black "Askin, David"]
[Result "1-0"]
[WhiteElo "2318"]
[BlackElo "1977"]
[Annotator "Winslow"]
[PlyCount "37"]
[EventDate "2017.??.??"]

1. e4 c6 2. d4 d5 3. Nd2 dxe4 4. Nxe4 Nf6 $6 {Completely unexpected;} ({
I've seen quite a few games where he's played} 4... Bf5) ({
and one where he played} 4... Nd7) 5. Nxf6+ exf6 $5 {
This just so happens to be the one line I *didn't* glance at before the game!}
({I have a bad habit of veering off when preparing on short notice, but did
look at Negi's Grandmaster Repertoire book for} 5... gxf6 $5 {
which he all but dismisses with solid play:} 6. Nf3 Bg4 (6... Bf5 7. Bd3 Bg6 8.
Bf4 e6 9. O-O Bg7 10. Qe2 O-O 11. Rad1 Re8 12. Bg3 Nd7 13. Rfe1 {Howell - J.
Polgar, Gibraltar 2012. His comment is curious: usually it's "... and White
has a pleasant game," but here it's "White had the more pleasant game (!!-EW).
" (Â1/2-Â1/2 82)}) (6... Rg8 {he seems to recommend} 7. Qd3 $5 {
in spite of its miserable score,} ({but also notes} 7. g3 {
with easy development and a solid position on the kingside."})) 7. Be2 e6 (7...
Qc7) 8. O-O Nd7 (8... Qc7) (8... Bd6) 9. c4 Qc7 10. Nh4 h5 {
(Adams - Short, Sheffield (rapid) 2011)} 11. c5 $5 $146 {
leads to "a pleasant position".}) 6. c3 $1 {-- Negi; as noted I didn't even
turn the page to look at what White does here, but it so happens I'd looked at
this deployment decades ago, probably with Nick de Firmian -- and Negi rather
loves it as well.} Bd6 (6... Be6 {was Miles' loss to Kasparov in 1998, with
the "box" of pawns on f7, f6, g7 and g6.}) (6... Qd5 $5 {
was fun, but White has done well with almost anything}) 7. Bd3 O-O 8. Ne2 (8.
Qc2) 8... Qc7 (8... Re8 9. Qc2 $1 {keeping open castling on either side, in
accord to my favorite maxim "Castle as *late* as possible -- but not too
late!"} Kh8 $5 {discourages the caveman approach, so...} (9... h6 {
has Negi "going right:"} 10. O-O Qc7 11. Ng3 (11. h3 {is possible,} c5 $6 12.
dxc5 Qxc5 13. Be3 Rxe3 $5 {eventual +/-, Timman-Chernin, Amsterdam 1987}) ({
as is} 11. g3 $5 {to get in Bf4 no matter what.})) (9... g6 10. h4 $1 Nd7 (
10... f5 11. h5 Qf6 (11... Be6 {- 10...Be6}) 12. hxg6 fxg6 13. Qb3+ Kh8 14. Bg5
$1 {1-0 (37) Sznapik,A (2425) -Plachetka,J (2465) Bratislava 1983}) (10... Be6
11. h5 (11. Bh6 f5 $1 12. h5 (12. O-O-O Nd7 13. Kb1 Qa5 14. Nc1 Nf6 $11 {
and Black has defended his >>, Chandler-Hodgson, Great Britain ch 1988.}) 12...
Nd7 13. hxg6 fxg6 {- 11.h5}) 11... f5 {- 10...Be6} 12. hxg6 fxg6 13. Bh6 Nd7 {
- 11.h5} 14. g4 $1 {gets very hot} Bd5 15. O-O-O $1 Bxh1 16. Rxh1 Bf8 17. Bd2
$5 (17. Bxf8 Rxf8 18. gxf5 $16) 17... Nb6 $1 (17... fxg4 $2 18. Qb3+ $1 Kg7 19.
Rxh7+ $1 Kxh7 20. Qf7+ Kh8 21. Nf4 {1-0 Kudrin-King, Bayswater 1988}) 18. Nf4
$1 (18. gxf5 Qd5 19. Ng3 Qxa2 20. fxg6 Qa1+ {
Now Black can exchange queens, after which White's -> goes astray.} 21. Qb1
Qxb1+ 22. Kxb1 hxg6 23. Bxg6 Re7 $15) 18... fxg4 (18... Nd5 19. gxf5 $40) 19.
Bxg6 $1 {destroying Black's last defensive walls.} hxg6 20. Qxg6+ Bg7 21. Nh5
Qc7 22. Bh6 $16) 11. h5 {This is the consequent continuation.} (11. Bh6 Bf8 12.
Bxf8 Nxf8 13. O-O-O $14 {Vogt-Bobzin, Eger op 1987}) 11... Nf8 12. Bh6 (12.
hxg6 fxg6 13. Bh6 {gives Black more chances.}) 12... Qe7 $5 (12... Be6 13.
O-O-O b5 (13... Qc7 14. c4) (13... Qa5 14. a3 Qc7 15. hxg6 fxg6 16. Rh4 $1 Qf7
17. Rdh1 f5 18. Nf4 Bb3 19. Qd2 Re7 20. g4 $1 Bxf4 21. Bxf4 fxg4 22. Rxg4 Be6
23. Rgh4 Bf5 24. Bd6 Rd7 25. Be5 $16 Re8 26. f4 c5 27. Kb1 c4 28. Bc2 Qe6 29.
Ka1 b5 30. Bxf5 Qxf5 31. Qg2 Rf7 32. Rh5 Qe6 33. Rf1 Rd8 34. f5 Qd5 35. Qg4 Qc6
36. Rg1 Rfd7 37. Qh4 Qf3 38. fxg6 hxg6 39. Rh8+ Kf7 40. Qe1 {
1-0 De Firmian,N (2515)-Odendahl,S (2410) Philadelphia 1988}) 14. hxg6 fxg6 15.
Bxf8 $1 Bxf8 16. Nf4 $1 $146 {(Negi)} (16. Bxg6 $5 {has been played, but...})
16... Bf7 {and SF8 opens up already playing} 17. Rxh7 $3 Qd6 $1 {
"This intermediate move is critical" (Negi)} ({
"Taking the rook immediately just loses" (Negi) -- I didn't see why!} 17...
Kxh7 18. Bxg6+ Kg8 (18... Kg7 19. Rh1) 19. Bxf7+ Kxf7 20. Qg6+ Ke7 {
and now, only move:} 21. d5 $3 $18 {No wonder I didn't see it.}) 18. g3 $1 {
SF8 on my refurb took a while to appreciate this;} (18. Rh4 f5 $1 $11) 18...
Kxh7 (18... f5 19. Rdh1 Bg7 20. f3 {/\ Qh2}) 19. Bxg6+ Kg8 20. Bxf7+ Kxf7 21.
Qg6+ Ke7 {and again:} 22. d5 $1 {
[%emt 0:00:08] not crushing, but a clear plus acc. to Negi and Stockfish}) (
12... f5 13. O-O-O Qf6 14. hxg6 hxg6 15. Kb1 (15. Qd2 Be6 16. Bg5 Qg7 17. Kb1
$14 (17. Ng3 $6 {is strongly met by the impertinent} Bxa2 $1 {
Tisdall-Chandler, Brighton, 1981})) 15... Be6 16. Nf4 $14) 13. O-O-O Bf5 14.
Bxf5 (14. Bxf8 Bxd3 15. Rxd3 Kxf8 16. Re3 Qd7) 14... Qxe2 15. hxg6 hxg6 16. Bd3
Qxc2+ 17. Kxc2 Ne6 18. Bc1 (18. g3 $14 {
^^, and a virtual P majority on the << in the _|_.}) 18... Kg7 19. Bc4 Rad8 20.
d5 cxd5 21. Bxd5 b6 22. Bc6 $14 {Tischbierek-Moehring, BKL-Turnier Leipzig 1984
}) 10. O-O Qc7 {"waste of time" (Negi)} (10... Nd7 11. Bf4 $5 Nf8 (11... Rxe2
$6 12. Qxe2 Bxf4 13. Qe4 Bxh2+ 14. Kxh2 $16) 12. Bxd6 Qxd6 13. Ng3 Be6 14. f4
$1) 11. Ng3 {Not mentioned is} g6 (11... Be6 12. Bd2 Nd7 13. c4 (13. f4 $1)
13... Nf8 14. Rfe1 Rad8 15. Bc3 Ng6 16. Rad1 Bg4 17. Be2 Bxe2 18. Rxe2 Nf4 19.
Re4 Qd7 20. Rde1 $14 {Vogt-Bang, Copenhagen Obro op 1989}) 12. c4 f5 13. Bg5
Be6 14. Qd2 Nd7 15. d5 $1) 9. Qc2 g6 (9... Kh8 $6 10. Be3 Re8 (10... Nd7 11. h4
h5 12. g3 c5 13. O-O-O c4 14. Be4 Rb8 {(Bjerring-Hartvig, Copenhagen 1996)} 15.
Nf4 $16) (10... Be6 11. c4 c5 12. d5 Bc8 13. Nc3 a6 14. Ne4 Be7 15. O-O-O $16 {
Karpatchev-Markosian, Moscow 1995}) 11. O-O-O Be6 12. Kb1 Nd7 13. h4 c5 14. h5
{Now Black has to defend against Bxh7.} Nf8 15. Bf5 c4 16. d5 Bd7 17. g4 b5 18.
Nd4 $16 {L.Hansen-Hartvig, DEN-ch 1996}) (9... h6 10. Be3 Re8 (10... Nd7 11.
Qd2 (11. Ng3 $5 Bf4 12. O-O) 11... Re8 12. Ng3 Bf4 13. O-O Bxe3 14. fxe3 Nf8
15. Rf2 Qe7 16. e4 Be6 17. Nf5 $16 {Asztalos-Nimzowitsch, Bled 1931}) 11. O-O-O
c5 (11... Nd7 12. h4 (12. g4 Nf8 $13 {Negyesy-Korody, Budapest 1932}) 12... Nf8
13. Kb1 Bg4 14. Bf5 Bxe2 15. Qxe2 Bf4 16. Qf3 Bxe3 17. fxe3 $16 {
Yates-Tartakower, Bad Homburg 1927. This line has been around a while!!}) 12.
Kb1 Bg4 13. h3 Bxe2 14. Bxe2 cxd4 15. cxd4 Qxc2+ 16. Kxc2 {with plusses} Nc6
17. Bf3 Rac8 18. Kb1 b6 19. Rhe1 f5 20. Rc1 Ne7 21. Rxc8 Rxc8 22. Bd2 Rc4 23.
Bc3 Rc8 24. Kc2 Ng6 25. g3 Nf8 $6 26. Kd3 Ne6 27. Bd5 Nc7 28. Bb7 Rd8 29. a4
Rb8 30. Bc6 Kf8 31. b4 a6 32. b5 a5 33. d5 f6 34. Bd4 Kf7 35. Bd7 Kf8 36. Kc4
f4 37. g4 Bb4 38. Re2 Rd8 39. Bc6 Rb8 40. h4 Be7 41. h5 Bd6 42. f3 Be7 43. Kd3
Kf7 44. Ke4 Bd6 45. Kf5 Kf8 46. Kg6 Be7 47. g5 hxg5 48. h6 {
1-0 De Firmian,N (2549)-La Rota,F (2317) Minneapolis 2005}) 10. Bh6 (10. h4 $1
Re8 11. h5 f5 12. g4 $1 f4 13. hxg6 hxg6 14. Bxg6 $1) 10... Re8 11. O-O-O Be6 (
11... Nd7 12. h4 c5 13. h5 $1 (13. Qd2) 13... c4 14. Be4 f5 15. Bf3) (11... f5
12. h4 Nd7 13. Bg5 h5 14. g4 $3) 12. Kb1 {I've only come back to the main line
(3.Nc3/ 3.Nd2) after ... well, 50 years. And the main line in 4...Bf5 often
has a waiting Kb1. So I had it "in my mind" and so...} (12. h4 $1 Qa5 13. h5 g5
14. a3 b5 15. f4 Bg4 16. fxg5 Bxe2 17. Bxh7+ Kh8 18. Qf5 Nd7 19. gxf6 Bf8 20.
Qg5 Nxf6 21. Qxf6+ Kxh7 22. Qxf7+ Kh8 23. Bg5 Be7 24. Bxe7 Rxe7 25. Qxe7 Bxd1
26. h6 {1-0 (26) Vikas,R (2075)-Byron,A (2190) Leicester 2010}) 12... b5 (12...
Nd7 13. h4 f5 (13... c5 14. h5 Nf8 15. f4 c4 16. Be4 Bg4 17. hxg6 hxg6 18. Bxf8
Bxf8 19. f5 Rxe4 {0-1 (19) Hargittay,S-Madr,M Stockerau 1993}) 14. h5 Nf6 15.
hxg6 fxg6 16. f3 Qf7 17. c4 Rac8 18. Nf4 Bxf4 19. Bxf4 b5 20. b3 a5 21. a4 Re7
22. Ka1 Rb7 23. Rb1 Qf8 24. Ka2 Rd8 25. Qe2 Re8 26. Be5 bxc4 27. bxc4 Rb4 28.
Rxb4 axb4 29. Kb2 Nd7 30. f4 Nxe5 31. fxe5 Qg7 32. Bc2 c5 33. dxc5 Qc7 34. Re1
Qxc5 35. Bb3 Qd4+ 36. Ka2 Rc8 37. Qe3 Qxe3 38. Rxe3 Kf7 39. Kb2 Bxc4 40. Bxc4+
Rxc4 41. Kb3 Rc7 42. Kxb4 Ke6 43. a5 f4 44. Re2 g5 45. a6 g4 46. Kb5 f3 47.
gxf3 gxf3 48. Rf2 Rf7 49. Kb6 Kxe5 50. a7 Rxa7 51. Kxa7 Kf4 {
1/2-1/2 (51) Szabo,L-Trifunovic,P Ljubljana 1938}) 13. h4 Bc4 $6 (13... Nd7 14.
h5 Nf8 (14... f5)) 14. h5 Bxd3 $6 {Ayaa! Just give my rook a "lift"....} (14...
f5 15. Nc1) (14... a6) (14... a5 15. hxg6 (15. d5 $1 $16) 15... fxg6 16. Bxc4+
(16. d5 $1 $16) 16... bxc4 17. Qa4 Qf7 $14 {
0-1 (46) He,T (2050)-Samulionis,M (1581) Maribor 2012 Nice upset!}) 15. Rxd3
Nd7 $4 (15... a5) (15... Qe7) (15... Na6) 16. hxg6 fxg6 $2 (16... hxg6 17. Rdh3
$18 (17. Qd2 $18)) 17. Qb3+ Kh8 18. Qf7 Rg8 {[#] I confess I didn't notice my
next move until returning from the bathroom, thinking already that} 19. Qxh7+
$1 (19. Rdh3 {was also winning.}) 1-0

[Event "Mechanics' Winter TNM; G/2"]
[Site "San Francisco"]
[Date "2017.01.17"]
[Round "3.1"]
[White "Winslow, Elliott C"]
[Black "Bayaraa, Chinguun"]
[Result "1-0"]
[WhiteElo "2312"]
[BlackElo "2139"]
[Annotator "Winslow, Elliott"]
[PlyCount "99"]
[EventDate "2017.??.??"]

1. d4 Nf6 2. c4 g6 3. Nc3 d5 4. Nf3 Bg7 5. cxd5 Nxd5 6. e4 Nxc3 7. bxc3 c5 8.
Rb1 O-O 9. Be2 Nc6 10. d5 Ne5 11. Qd2 $5 {Rare} (11. Nxe5 Bxe5 12. Qd2 e6 13.
f4 {has been the main continuation. I don't know what the current status is of
the annoying} Bc7 {so I punted.}) 11... Nxf3+ 12. Bxf3 Qc7 (12... Qa5 $1 13.
Rb3 c4 14. Rb4 b5 15. O-O Bd7 16. Qc2 Qc7 17. Be3 a5 {
runs the punt back for a touchdown:} 18. Rbb1 Rab8 19. Rfc1 e6 20. Rd1 b4 21.
d6 Qc8 22. Bd2 Qc5 23. Be3 Qb5 24. cxb4 axb4 25. Be2 Bc3 26. a3 Qa4 27. Qxa4
Bxa4 28. axb4 Bxd1 29. Rxd1 Rfd8 30. Bxc4 Rxb4 31. Ba6 Bd4 {
...0-1 Telman,V-Tukmakov,V (2580) Simferopol 1983}) 13. O-O Rd8 14. c4 a6 {
There were many other moves} 15. Re1 (15. Bb2) 15... Rb8 ({I expected} 15...
Be5) 16. Bb2 e5 (16... Bxb2) 17. Bc3 Qd6 18. a4 b6 19. Bd1 Bd7 20. f4 {
Impatient? SF8 thinks I should sit tight:} (20. Bc2) (20. Ra1) (20. h3) 20...
Re8 21. g3 b5 22. axb5 axb5 23. cxb5 Bxb5 (23... Rxb5 24. Rxb5 Bxb5 25. Bg4 f5
26. Bh3) 24. Rxb5 (24. Bc2 $5) 24... Rxb5 25. Ba4 Rbb8 $6 (25... Reb8) (25...
Qa6) 26. Bxe8 Rxe8 27. Qb2 f6 (27... Rb8 28. Bxe5) 28. fxe5 fxe5 29. Rb1 Bh6
30. Qb6 (30. Qe2 $16 {SF8}) 30... Be3+ 31. Kg2 Qxb6 32. Rxb6 Bd4 33. Bd2 Re7
34. Rc6 Kf7 35. g4 Rb7 36. Bg5 Rb2+ 37. Kf3 Rb7 38. Ke2 Kg7 39. Kd3 h6 40. Bd2
Rb3+ 41. Kc4 Rb2 42. Rc7+ Kg8 43. Bxh6 Rc2+ 44. Kb5 Rb2+ 45. Kc6 c4 46. d6 Rb6+
47. Kd5 c3 $6 48. d7 Rb5+ 49. Ke6 (49. Kc4 {is #8!}) 49... Rb6+ 50. Ke7 {
is merely 1-0 (50) [%eval 32746,0]} 1-0

[Event "Mechanics' Fall TNM; G/2 d5"]
[Site "San Francisco"]
[Date "2017.11.28"]
[Round "6.3"]
[White "Winslow, Elliott C"]
[Black "Davila, Carlos"]
[Result "1-0"]
[WhiteElo "2318"]
[BlackElo "2131"]
[Annotator "Wnslow"]
[PlyCount "65"]
[EventDate "2017.??.??"]

1. e4 c6 2. d4 d5 3. Nd2 dxe4 4. Nxe4 Bf5 5. Ng3 Bg6 6. h4 h6 7. Nf3 Nd7 8. h5
Bh7 9. Bd3 Bxd3 10. Qxd3 Ngf6 11. Bd2 e6 12. O-O-O Be7 13. Kb1 O-O 14. Ne4 c5
$5 (14... Nxe4 15. Qxe4 Nf6 16. Qe2 Qd5 17. Be3 Ng4 18. Bc1 Rfd8 19. Ne5 Nf6 $2
20. f3 (20. Rhe1 $1 $16) (20. f4) 20... b5 $6 (20... Qb5) 21. g4 $16 Nh7 22. f4
f6 23. Ng6 (23. Nf3 $5) 23... Re8 24. Rhe1 Nf8 25. Nxe7+ Rxe7 26. g5 f5 $2 (
26... fxg5 27. fxg5 hxg5 28. Qg4) 27. Qf2 $1 $18 (27. Rg1 $5) (27. Qh2 $1 $18)
27... Qd7 $6 28. Rg1 Kh8 29. Be3 Qd5 30. Qg3 Nh7 31. Rd2 $6 (31. gxh6) (31. Qh4
) (31. Rde1) (31. b3) (31. Bd2) (31. Rdf1) 31... hxg5 32. fxg5 Rae8 33. Bf4 Kg8
(33... c5) (33... e5) 34. Be5 Rf8 (34... Nf8 35. g6 Nd7 36. Bxg7 Rxg7 37. h6
Rge7 38. Qh4 e5 39. g7 Kh7 40. g8=Q+ Qxg8 41. Rxg8 Kxg8 42. dxe5 Nxe5 43. Rg2+
Kh7 44. Qf6) 35. Qh4 $6 (35. g6 Nf6 36. h6) 35... Rd7 36. g6 Nf6 37. h6 Qe4 38.
Qg5 Ng4 39. hxg7 Rfd8 40. Qh4 {
1-0 Winslow,E (2315)-O'Connor,D (2157) Berkeley 2016}) 15. g4 {"The maximalist
try" (Negi, in his first volume on 1.e4 for White in the Grandmaster
Repertoire series from Quality Chess.)} (15. Nxf6+ Bxf6 $1) 15... Nxe4 $5 (
15... cxd4 16. g5 $1 Nxe4 17. Qxe4 {is the move-order given by Negi}) ({
The main move is} 15... Nxg4 {"Black should remove the g-pawn, otherwise
White's attack runs smoothly." (Negi)} 16. Qe2 (16. Rhg1 f5 17. Qc4 Qb6 {
I got this far at the board but couldn't quite see a way forward. See the book
for his wildline!}) 16... Qb6 (16... Ngf6) (16... Ndf6) (16... f5) (16... cxd4)
17. Ne5 (17. Nh4 $5) 17... Ndxe5 (17... Ngxe5 $2 18. dxe5 Nxe5) 18. dxe5 f5 $1
(18... Nxe5 $2 19. Rhg1 {Good luck everybody...})) 16. Qxe4 cxd4 17. g5 $1 {
is the move-order given by Negi} Nc5 {"N" (Negi)} (17... hxg5 18. h6 $1 g6 19.
h7+ $2 (19. Qxd4 $146 {is Negi's improvement. It's similar to the game; White
should hold off pushing the h-pawn unless it's decisive.}) 19... Kh8) 18. Qg4
hxg5 (18... d3 {"gives White a choice between} 19. c3 ({and} 19. Bc3 $5 {
(my intention), with a good initiative in either case." (Negi)})) 19. h6 g6 (
19... f5 20. Qh5 Qe8 21. hxg7 {wins a rook}) 20. Bxg5 {The computer divigates
before accepting that this is best, just like I did at the board.} (20. Bc3) (
20. Be3) (20. Nxg5) 20... Bxg5 $6 (20... e5 {
I didn't see, but the computer points out} 21. h7+ Kh8 22. Bh6 {
when Black should probably take this opportunity to assume the high ground with
} Qd5 23. c4 $1 Qe4+ 24. Qxe4 Nxe4 25. Bxf8 Rxf8 26. Rh2 {
(What a pathetic rook!)} Bf6 (26... f6 $2 {isn't so solid as it looks:} 27. Nh4
Kg7 28. Rg1 Ng5 29. Nxg6) 27. Re1 Ng5 28. Nxg5 Bxg5 29. Kc2 {
White manages to keep the White squares in check.}) 21. Rxd4 Qf6 $2 (21... Qe7
22. Nxg5 Rad8 {and White is running out of steam}) 22. Nxg5 e5 (22... Rad8 $4
23. Rf4 Qe7 24. Nxf7 $1 {shows the big difference.}) 23. Rd5 $16 Qc6 $2 24.
Rhd1 $18 (24. Qf3 $1 f6 25. Rxc5 $1 Qxc5 {I missed} 26. Qxb7) 24... Rac8 25.
Rd6 Qc7 (25... Qb5) (25... Qa4 26. c4) 26. Qf3 Ne6 27. c3 $5 ({
It was time to "cash in" with} 27. h7+ $1 Kh8 (27... Kg7 28. Nxe6+ fxe6 29.
Rd7+) 28. Qf6+ Ng7 {and *now*} 29. c3) 27... Nf4 ({The point is} 27... Nxg5 28.
Qf6 Ne6 29. h7+) (27... Qe7 28. Nxe6 fxe6 29. Qg4 {goes down fast}) 28. Rd7 Qb6
({I thought maybe} 28... Qc4 {during the game but Stockfish grinds out} 29.
Qxb7 Rce8 30. Rxf7 {anyway} Rxf7 31. h7+ Kg7 32. Nxf7) ({
I was ready to trade queens after} 28... Qc6 29. Qxc6 bxc6 30. Rxa7 {when after
} Nd5 {it could be time for} 31. h7+ {again}) 29. Qxb7 Qf6 $6 30. Rxf7 Rxf7 31.
Qxc8+ Rf8 32. Qc4+ (32. Qc7) (32. Qb7) 32... Kh8 33. Qc7 1-0

[Event "Mechanics' Winter TNM; G/2"]
[Site "San Francisco"]
[Date "2017.01.31"]
[Round "5.1"]
[White "Winslow, Elliott C"]
[Black "Diaz, Conrado"]
[Result "0-1"]
[WhiteElo "2312"]
[BlackElo "2260"]
[Annotator "Donaldson"]
[PlyCount "78"]
[EventDate "2017.??.??"]

1. e4 d5 2. exd5 Qxd5 3. Nf3 Bg4 4. Be2 Bxf3 5. Bxf3 Qe6+ 6. Qe2 Qxe2+ 7. Kxe2
c6 8. b3 e6 9. Bb2 Nf6 10. d4 Be7 11. c4 O-O 12. Nd2 Rd8 13. g4 Na6 14. a3 Nc7
15. g5 Nfe8 16. h4 Nd6 17. Rad1 Nf5 18. Ne4 Rab8 19. Ng3 Nxg3+ 20. fxg3 b5 21.
Bxc6 bxc4 22. b4 a5 23. Rc1 axb4 24. axb4 Bxb4 25. Rxc4 Bd6 26. Bc1 Bxg3 27. h5
Nd5 28. g6 hxg6 29. hxg6 fxg6 30. Rg1 Bh4 31. Rxg6 Bf6 32. Bxd5 exd5 33. Rc7
Bxd4 34. Bg5 Re8+ 35. Kd3 Be5 36. Rd7 Rb3+ 37. Kc2 Rb2+ 38. Kd3 Rf2 (38... Rg2
39. Rxd5 Kh7) 39. Rxd5 Kh7 0-1

[Event "Mechanics' Spring TNM; G/2"]
[Site "San Francisco"]
[Date "2017.05.02"]
[Round "8.2"]
[White "Winslow, Elliott C"]
[Black "Diaz, Conrado"]
[Result "1-0"]
[WhiteElo "2310"]
[BlackElo "2269"]
[Annotator "Winslow"]
[PlyCount "97"]
[EventDate "2017.??.??"]

1. e4 e6 2. d4 d5 3. Nd2 c5 4. Ngf3 (4. exd5 Qxd5 (4... exd5 5. Ngf3 (5. Bb5+
Bd7 (5... Nc6))) 5. Ngf3 cxd4 6. Bc4 Qd6 7. O-O Nc6 8. Nb3 Nf6 9. Nbxd4 Nxd4
10. Nxd4 a6 11. Re1 Qc7 {is that line I wanted to avoid.}) 4... Nc6 (4... Nf6)
(4... cxd4 5. Nxd4 Nc6 (5... Nf6) 6. Nxc6 {
Winslow-Hovik Manvelyan, TNM November 2016} (6. Bb5 {
Winslow-A.Ivanov, TNM April 2017})) 5. exd5 (5. Bb5 {
Tal's favorite move until Korchnoi took it down.}) 5... Qxd5 (5... exd5 6. Bb5
Bd6) 6. Bc4 {Fact is, this is doing pretty damned well for White, which is why
it's a good move order to discourage the .. .Qxd5 lines.} Qd8 7. dxc5 (7. Nb3
cxd4 8. Nbxd4 Nxd4 9. Nxd4 (9. Qxd4 Qxd4 10. Nxd4) 9... a6 10. O-O Nf6 (10...
Bd6) (10... Qc7 11. Qe2) 11. Re1 Qc7 {is that line I wanted to avoid.}) 7...
Bxc5 8. Qe2 (8. O-O) 8... Nf6 9. Nb3 (9. Ne4 $5 {
preferred by, among others, Micky Adams}) 9... Bd6 10. Bg5 Qc7 11. O-O-O Bf4+
12. Kb1 Bxg5 (12... O-O 13. h4 Kh8 14. Nbd4 a6 15. Nxc6 bxc6 16. Bxf4 Qxf4 17.
Ne5 Bb7 18. g3 Qh6 19. Nd7 Nxd7 20. Rxd7 Rab8 21. Qe5 f6 22. Qd6 Qg6 {
1-0 (22) Spasov,V (2566) -Miroiu,G (2313) Plovdiv 2014}) 13. Nxg5 O-O 14. Nd4
Nxd4 15. Rxd4 Qc5 16. Nf3 Bd7 17. Qe5 {I thought I was being a bit clever, but
the computer just thinks I'm taking the square from my knight.} Rfc8 {
As I expected, but} (17... Qb6 {gets the digital nod.}) 18. Rhd1 Qxe5 19. Nxe5
Be8 20. f4 g6 $6 {and his bishop gets worse and worse} (20... b5) 21. g4 Kg7
22. Be2 h6 23. h4 Rc7 24. g5 hxg5 (24... Nd5) 25. hxg5 Nd5 26. Bf3 Ne3 27. R1d2
Rac8 28. c3 b5 29. Rh2 $5 {
As usual, Stockfish8 says this is nothing, but it's annoying for Black...} a5
30. Be2 b4 31. c4 Bc6 32. Kc1 $1 {Finally a move we can agree on.} a4 33. Kd2
Nf5 34. Rd3 Be8 35. Rdh3 Kf8 36. Rh8+ Ke7 37. R2h7 Kd6 38. Rf8 (38. Bd3 Ne7 39.
Ke3 Nc6 40. Nxf7+ Bxf7 41. Rxc8 Rxc8 42. Rxf7) 38... Kc5 39. Bd3 Nd4 $2 {
The illusory good knight;} (39... Nd6 $16 {holds everything for the moment.})
40. Bxg6 {winning, but} (40. Rhh8 Re7 41. Nxf7) 40... Rd8 $2 (40... fxg6 41.
Rxc7+ Rxc7 42. Rxe8 a3 43. b3 Rh7 44. Nd3+) 41. Bd3 (41. Nxf7 {
was even more devastating}) 41... a3 (41... Nc6 42. Nxf7 Bxf7 43. Rfxf7 Rxf7
44. Rxf7) 42. bxa3 bxa3 $2 43. g6 Rb7 44. gxf7 Rb2+ 45. Ke3 Nc2+ 46. Bxc2 {
SF8 is already finding mate} Rxc2 47. Rxe8 Rc3+ 48. Ke2 (48. Ke4 $4 Rd4# {
Not that mate!}) 48... Rc2+ 49. Kf3 {[%eval 32752,0]} 1-0